<?xml version="1.0" encoding="UTF-8"?>
<record
    xmlns:xsi="http://www.w3.org/2001/XMLSchema-instance"
    xsi:schemaLocation="http://www.loc.gov/MARC21/slim http://www.loc.gov/standards/marcxml/schema/MARC21slim.xsd"
    xmlns="http://www.loc.gov/MARC21/slim">

  <leader>00433    a2200157   4500</leader>
  <controlfield tag="005">20240812151235.0</controlfield>
  <controlfield tag="008">230926b        |||||||| |||| 00| 0 eng d</controlfield>
  <datafield tag="020" ind1=" " ind2=" ">
    <subfield code="a">9789391818203</subfield>
  </datafield>
  <datafield tag="041" ind1=" " ind2=" ">
    <subfield code="a">eng</subfield>
  </datafield>
  <datafield tag="100" ind1=" " ind2=" ">
    <subfield code="a">Mahadevan B.</subfield>
    <subfield code="9">106174</subfield>
  </datafield>
  <datafield tag="245" ind1=" " ind2=" ">
    <subfield code="a">Introduction to Indian Knowledge System</subfield>
    <subfield code="b">Concepts And Applications</subfield>
  </datafield>
  <datafield tag="260" ind1=" " ind2=" ">
    <subfield code="b">PHI Learning Private Limited</subfield>
    <subfield code="c">2023</subfield>
  </datafield>
  <datafield tag="300" ind1=" " ind2=" ">
    <subfield code="a">417</subfield>
  </datafield>
  <datafield tag="700" ind1=" " ind2=" ">
    <subfield code="a">Bhat V.R.</subfield>
    <subfield code="9">205375</subfield>
  </datafield>
  <datafield tag="942" ind1=" " ind2=" ">
    <subfield code="c">BK</subfield>
  </datafield>
  <datafield tag="999" ind1=" " ind2=" ">
    <subfield code="c">356204</subfield>
    <subfield code="d">356204</subfield>
  </datafield>
  <datafield tag="952" ind1=" " ind2=" ">
    <subfield code="0">0</subfield>
    <subfield code="1">0</subfield>
    <subfield code="2">ddc</subfield>
    <subfield code="4">0</subfield>
    <subfield code="7">0</subfield>
    <subfield code="a">CCEP</subfield>
    <subfield code="b">CCEP</subfield>
    <subfield code="d">2023-09-27</subfield>
    <subfield code="e">144</subfield>
    <subfield code="g">596.25</subfield>
    <subfield code="o">181.4 MAH</subfield>
    <subfield code="p">CCEP-BK-65387</subfield>
    <subfield code="r">2023-09-15 00:00:00</subfield>
    <subfield code="v">795.00</subfield>
    <subfield code="w">2023-09-15</subfield>
    <subfield code="y">BK</subfield>
  </datafield>
  <datafield tag="952" ind1=" " ind2=" ">
    <subfield code="0">0</subfield>
    <subfield code="1">0</subfield>
    <subfield code="2">ddc</subfield>
    <subfield code="4">0</subfield>
    <subfield code="7">0</subfield>
    <subfield code="a">CCEP</subfield>
    <subfield code="b">CCEP</subfield>
    <subfield code="d">2023-09-27</subfield>
    <subfield code="e">144</subfield>
    <subfield code="g">596.25</subfield>
    <subfield code="o">181.4 MAH</subfield>
    <subfield code="p">CCEP-BK-65391</subfield>
    <subfield code="r">2023-09-15 00:00:00</subfield>
    <subfield code="v">795.00</subfield>
    <subfield code="w">2023-09-15</subfield>
    <subfield code="y">BK</subfield>
  </datafield>
  <datafield tag="952" ind1=" " ind2=" ">
    <subfield code="0">0</subfield>
    <subfield code="1">0</subfield>
    <subfield code="2">ddc</subfield>
    <subfield code="4">0</subfield>
    <subfield code="7">0</subfield>
    <subfield code="a">CCEP</subfield>
    <subfield code="b">CCEP</subfield>
    <subfield code="d">2023-09-27</subfield>
    <subfield code="e">144</subfield>
    <subfield code="g">596.25</subfield>
    <subfield code="o">181.4 MAH</subfield>
    <subfield code="p">CCEP-BK-65393</subfield>
    <subfield code="r">2023-09-15 00:00:00</subfield>
    <subfield code="v">795.00</subfield>
    <subfield code="w">2023-09-15</subfield>
    <subfield code="y">BK</subfield>
  </datafield>
  <datafield tag="952" ind1=" " ind2=" ">
    <subfield code="0">0</subfield>
    <subfield code="1">0</subfield>
    <subfield code="2">ddc</subfield>
    <subfield code="4">0</subfield>
    <subfield code="7">0</subfield>
    <subfield code="a">CCEP</subfield>
    <subfield code="b">CCEP</subfield>
    <subfield code="d">2023-09-27</subfield>
    <subfield code="e">144</subfield>
    <subfield code="g">596.25</subfield>
    <subfield code="l">1</subfield>
    <subfield code="o">181.4 MAH</subfield>
    <subfield code="p">CCEP-BK-65389</subfield>
    <subfield code="r">2025-11-25 13:46:09</subfield>
    <subfield code="s">2025-11-11</subfield>
    <subfield code="v">795.00</subfield>
    <subfield code="w">2023-09-15</subfield>
    <subfield code="y">BK</subfield>
  </datafield>
  <datafield tag="952" ind1=" " ind2=" ">
    <subfield code="0">0</subfield>
    <subfield code="1">0</subfield>
    <subfield code="2">ddc</subfield>
    <subfield code="4">0</subfield>
    <subfield code="7">0</subfield>
    <subfield code="a">CCEP</subfield>
    <subfield code="b">CCEP</subfield>
    <subfield code="d">2023-09-27</subfield>
    <subfield code="e">144</subfield>
    <subfield code="g">596.25</subfield>
    <subfield code="l">3</subfield>
    <subfield code="o">181.4 MAH</subfield>
    <subfield code="p">CCEP-BK-65386</subfield>
    <subfield code="r">2025-11-20 09:25:38</subfield>
    <subfield code="s">2025-07-08</subfield>
    <subfield code="v">795.00</subfield>
    <subfield code="w">2023-09-15</subfield>
    <subfield code="y">BK</subfield>
  </datafield>
  <datafield tag="952" ind1=" " ind2=" ">
    <subfield code="0">0</subfield>
    <subfield code="1">0</subfield>
    <subfield code="2">ddc</subfield>
    <subfield code="4">0</subfield>
    <subfield code="7">0</subfield>
    <subfield code="a">CCEP</subfield>
    <subfield code="b">CCEP</subfield>
    <subfield code="d">2023-09-27</subfield>
    <subfield code="e">144</subfield>
    <subfield code="g">596.25</subfield>
    <subfield code="o">181.4 MAH</subfield>
    <subfield code="p">CCEP-BK-65392</subfield>
    <subfield code="r">2023-09-15 00:00:00</subfield>
    <subfield code="v">795.00</subfield>
    <subfield code="w">2023-09-15</subfield>
    <subfield code="y">BK</subfield>
  </datafield>
  <datafield tag="952" ind1=" " ind2=" ">
    <subfield code="0">0</subfield>
    <subfield code="1">0</subfield>
    <subfield code="2">ddc</subfield>
    <subfield code="4">0</subfield>
    <subfield code="7">0</subfield>
    <subfield code="a">CCEP</subfield>
    <subfield code="b">CCEP</subfield>
    <subfield code="d">2023-09-27</subfield>
    <subfield code="e">144</subfield>
    <subfield code="g">596.25</subfield>
    <subfield code="o">181.4 MAH</subfield>
    <subfield code="p">CCEP-BK-65390</subfield>
    <subfield code="r">2023-09-15 00:00:00</subfield>
    <subfield code="v">795.00</subfield>
    <subfield code="w">2023-09-15</subfield>
    <subfield code="y">BK</subfield>
  </datafield>
  <datafield tag="952" ind1=" " ind2=" ">
    <subfield code="0">0</subfield>
    <subfield code="1">0</subfield>
    <subfield code="2">ddc</subfield>
    <subfield code="4">0</subfield>
    <subfield code="7">0</subfield>
    <subfield code="a">CCEP</subfield>
    <subfield code="b">CCEP</subfield>
    <subfield code="d">2023-09-27</subfield>
    <subfield code="e">144</subfield>
    <subfield code="g">596.25</subfield>
    <subfield code="o">181.4 MAH</subfield>
    <subfield code="p">CCEP-BK-65388</subfield>
    <subfield code="r">2023-09-15 00:00:00</subfield>
    <subfield code="v">795.00</subfield>
    <subfield code="w">2023-09-15</subfield>
    <subfield code="y">BK</subfield>
  </datafield>
</record>
